Chāẏāpatha / (Record no. 74414)

MARC details
000 -LEADER
fixed length control field 00499nam a2200181 i 4500
001 - CONTROL NUMBER
control field sa 67004357
003 - CONTROL NUMBER IDENTIFIER
control field DLC
005 - DATE AND TIME OF LATEST TRANSACTION
control field 20260227112345.0
008 - FIXED-LENGTH DATA ELEMENTS--GENERAL INFORMATION
fixed length control field 811015s1966 bg 00010 ben
010 ## - LIBRARY OF CONGRESS CONTROL NUMBER
LC control number sa 67004357 //r81
050 0# - LIBRARY OF CONGRESS CALL NUMBER
Classification number PK1718.I79
Item number C5
100 10 - MAIN ENTRY--PERSONAL NAME
Personal name Islam, Azharul,
Dates associated with a name 1913-
245 10 - TITLE STATEMENT
Title Chāẏāpatha /
Statement of responsibility, etc. Ājahārula Isalāma.
260 0# - PUBLICATION, DISTRIBUTION, ETC.
Place of publication, distribution, etc. Ḍhāka :
Name of publisher, distributor, etc. Iusuphajī Pābalikeśāsna,
Date of publication, distribution, etc. [1966]
300 ## - PHYSICAL DESCRIPTION
Extent 5, 2, 2, 174, 2 p. ;
Dimensions 22 cm.
500 ## - GENERAL NOTE
General note In Bengali.
500 ## - GENERAL NOTE
General note Poems.

No items available.

Powered by Koha